000 00539nam a22001937a 4500
003 OSt
005 20260224111510.0
008 260223b |||||||| |||| 00| 0 eng d
020 _a9780443133657
040 _ckul
082 _a579.17 EGA.P
245 _aPlant endophytes and secondary metabolites /
260 _aUK:
_bAcademic press,
_cc2024.
300 _a442 p.
700 _4Editor
_aEgamberdieva, Dilfuza
_910607
700 _4Editor
_aParray, Javid A.
_910608
700 _4Editor
_aDavranov, Kakhramon
_910609
942 _2ddc
_cBK
999 _c756573
_d756573